| 000 | 00441nam a2200133Ia 4500 | ||
|---|---|---|---|
| 008 | 220216s9999 xx 000 0 und d | ||
| 100 | _aKarunaratne S W | ||
| 245 | 0 | _aSeparation and characterisation of phenolic substances in smoke deposites in RSS | |
| 260 | _bProceedings of the International Rubber Conference, Colombo, 1984, V2. Part 1; p71-78 | ||
| 650 | _aRSS | ||
| 700 | _aChandralal H N K K | ||
| 700 | _aSilva L B K | ||
| 942 | _cJS | ||
| 999 |
_c68604 _d68604 |
||